Catalog

Record Details

Catalog Search



Robert B. Parker's Broken trust  : a Spenser novel   Cover Image Large Print Book Large Print Book

Robert B. Parker's Broken trust : a Spenser novel / Mike Lupica.

Summary:

Spenser investigates the past secrets of an elusive tech billionaire in this latest installment of Robert B. Parker’s beloved series, and the first written by celebrated writer Mike Lupica. The beautiful wife of one of the world’s richest men comes to Spenser in the hope that he can find out what skeletons lurk in her husband’s closet. Though he is a generous philanthropist and loving family man, she is concerned—he recently has become secretive, bordering on paranoid, and she wants Spenser to find out why. As Spenser digs into the billionaire’s past, he realizes that the man may have done terrible things on his rise to the top—but he also may have had good reason to. What he discovers will cause him to question his own views on morality—and place him in grave danger.

Record details

  • ISBN: 9781432899547
  • ISBN: 1432899546
  • Physical Description: 471 pages (large print) : map ; 23 cm
  • Edition: Large print edition.
  • Publisher: [Waterville, Maine] : Thorndike Press, A part of Gale, a Cengage Company 2023.
Subject: Spenser (Fictitious character) > Fiction.
Husband and wife > Fiction.
Spouses > Fiction.
Man-woman relationships > Fiction.
Criminal investigation > Fiction.
Boston (Mass.) > Fiction.
Genre: Detective and mystery fiction.
Thrillers (Fiction)
Large print books.

Available copies

  • 1 of 1 copy available at scottsboropl.

Holds

  • 0 current holds with 1 total copy.
Show All Copies
Location Call Number / Copy Notes Barcode Shelving Location Status Due Date
scottsboropl F Par 32269001245177 Adult - Fiction Available -

LDR 03481cam a2200721 i 4500
001162400
003SBPL
00520240104144455.0
008230927t20232023meub ed 000 1 eng d
007ta
020 . ‡a9781432899547 ‡q(large print ; ‡qhardcover alk. paper)
020 . ‡a1432899546 ‡q(large print ; ‡qhardcover alk. paper)
035 . ‡a(OCoLC)1407068853 ‡z(OCoLC)1383750851 ‡z(OCoLC)1415820028
050 4. ‡aPS3562.U59 ‡bR63 2023b
08204. ‡a813/.6 ‡223
1001 . ‡aLupica, Mike, : ‡eauthor.
24510. ‡aRobert B. Parker's Broken trust : ‡ba Spenser novel / ‡cMike Lupica.
24630. ‡aBroken trust
24634. ‡aRobert B. Parker's Broken trust
2463 . ‡aBroken trust : ‡ba Spenser novel
250 . ‡aLarge print edition.
264 1. ‡a[Waterville, Maine] : ‡bThorndike Press, A part of Gale, a Cengage Company ‡c2023.
300 . ‡a471 pages (large print) : ‡bmap ; ‡c23 cm
336 . ‡atext ‡btxt ‡2rdacontent
337 . ‡aunmediated ‡bn ‡2rdamedia
338 . ‡avolume ‡bnc ‡2rdacarrier
340 . ‡nlarge print (16 point) ‡2rdafs
4901 . ‡aSpenser novel : ‡v Bk 50
520 . ‡aSpenser investigates the past secrets of an elusive tech billionaire in this latest installment of Robert B. Parker’s beloved series, and the first written by celebrated writer Mike Lupica. The beautiful wife of one of the world’s richest men comes to Spenser in the hope that he can find out what skeletons lurk in her husband’s closet. Though he is a generous philanthropist and loving family man, she is concerned—he recently has become secretive, bordering on paranoid, and she wants Spenser to find out why. As Spenser digs into the billionaire’s past, he realizes that the man may have done terrible things on his rise to the top—but he also may have had good reason to. What he discovers will cause him to question his own views on morality—and place him in grave danger.
60000. ‡aSpenser ‡c(Fictitious character) ‡vFiction.
650 0. ‡aHusband and wife ‡vFiction.
650 0. ‡aSpouses ‡vFiction.
650 0. ‡aMan-woman relationships ‡vFiction.
650 0. ‡aCriminal investigation ‡vFiction.
651 0. ‡aBoston (Mass.) ‡vFiction.
655 7. ‡aDetective and mystery fiction. ‡2lcgft
655 7. ‡aThrillers (Fiction) ‡2lcgft
655 7. ‡aLarge print books. ‡2lcgft
7001 . ‡aParker, Robert B., ‡d1932-2010, ‡ecreator.
830 0. ‡aSpenser novel : ‡v Bk 50
901 . ‡a162400 ‡bAUTOGEN ‡c162400 ‡tbiblio

Additional Resources